000
00285nam a22001337a 4500
008
170804b xxu||||| |||| 00| 0 eng d
020
_a
9780619268084
041
_a
eng
080
_2
2ND
_a
004
100
_a
33
101
_a
SHK
245
_a
OFFICE 2003
_c
SHAFFER,A
942
_2
udc
_c
BK
999
_c
22683
_d
22683